| 000 | 00726nam a22002297a 4500 | ||
|---|---|---|---|
| 005 | 20170124110204.0 | ||
| 010 | _aA-943225 | ||
| 020 |
_c00.00 _a8170299896 |
||
| 035 | _aA-943225 | ||
| 037 | _bCen Lib/Ret | ||
| 040 |
_aDPL _bEN |
||
| 082 |
_a005.13 _bMCK |
||
| 100 |
_aMcKelvy, Michael _936812 |
||
| 245 |
_aMCSD: Visual Basic 5 study guide / _cby Michael McKelvy |
||
| 260 |
_aNew Delhi _bBPB Publications _c1998 |
||
| 270 |
_aB-14, Connaught Place _bNew Delhi _e110001 |
||
| 300 |
_axxxv,715p. : _c23cm(Hb) _bill. |
||
| 500 | _aIncludes index | ||
| 650 |
_aMicrosoft software--Examinations _936813 |
||
| 650 |
_aVisual Basic (Computer program language) _936814 |
||
| 942 |
_2ddc _cEN _h005.13 _mMCK |
||
| 999 |
_c133100 _d133100 |
||